Malaysia 1000 direktori syarikat terunggul Malaysia =

Bibliographic Details
Format: Book
Published: Kuala Lumpur: BASIS Publications House, 2010.
Edition:5th ed.
Subjects:
LEADER 01104cam a2200253 7i4500
001 0000027256
005 20111130090000.0
022 0 0 |a 19855745 
090 0 0 |a M 338.7409595   |b MAL 
245 0 0 |a Malaysia 1000 direktori syarikat terunggul Malaysia =   |l Malaysia top corporate directory 2010/2011. 
250 0 0 |a 5th ed. 
260 0 0 |a Kuala Lumpur:   |b BASIS Publications House,   |c 2010. 
300 # # |a 296 p. 
650 0 0 |a Business enterprises --   |x Directories --   |z Malaysia  
650 0 0 |a Manufactures --   |x Directories --   |z Malaysia  
650 0 0 |a Corporations --   |x Rankings --   |z Malaysia  
650 0 0 |a Corporation --   |x Directories --   |z Malaysia  
651 0 0 |a Malaysia  
999 |a JHR000292H  |b Directories  |c Malaysia  |e MATRADE Southern Regional Office 
999 |a 0000029857  |b Directories  |c Malaysia  |e Business Information Centre 
999 |a PNG001001H  |b Directories  |c Malaysia  |e MATRADE Northern Regional Office 
999 |a SBH000969H  |b Directories  |c Malaysia  |e MATRADE Sabah 
999 |a SRW000396H  |b Directories  |c Malaysia  |e MATRADE Sarawak 
999 |a TRG000278H  |b Directories  |c Malaysia  |e MATRADE Eastern Regional Office